00461cam a22001578i 4500020002900000040000800029082002600037245006900063300001300132500007000145650000900215650000900224700002200233700002500255700002300280 a9781138733084 (hardback) cDLC00a664 THE 1990 C153 Or.00aDrying technologies for foods :bfundamentals and applications / apages cm aOriginally published in 3 volumes by New India Publishing Agency. 0aFood 0aFood1 aNema, Prabhat K.,1 aKaur, Barjinder Pal,1 aMujumdar, Arun S.,